Automobily 3 : Motory

Salvato in:
Dettagli Bibliografici
Autori principali: Jan, Zdeněk (Autore), Ždánský, Bronislav (Autore)
Natura: Libro
Lingua:ceco
Pubblicazione: Brno : Avid, 2004
Edizione:3. vyd
Soggetti:
Accesso online:OBSAH
Tags: Aggiungi Tag
Nessun Tag, puoi essere il primo ad aggiungerne!!

MARC

LEADER 00000nam a22000003a 4500
001 stu111935
005 20150617225837.8
008 060301s2004----xr------------------cze-d
040 |a STU  |b slo 
041 0 |a cze 
044 |a xr 
080 |a 621.43 
100 1 |a Jan, Zdeněk  |4 aut 
245 1 |a Automobily 3 :  |b Motory 
250 |a 3. vyd 
260 |a Brno :  |b Avid,  |c 2004 
300 |a 165 s 
650 7 |a automobily  |2 stusub 
700 1 |a Ždánský, Bronislav  |4 aut 
856 4 |a https://sweb.mtf.stuba.sk/obsahy/automobily_motory_3_04.pdf  |u https://sweb.mtf.stuba.sk/obsahy/automobily_motory_3_04.pdf  |3 OBSAH 
996 |b 284M072915  |c M*11857/3-1  |l MMKN  |s A  |a 24  |w stu111935_0001